Welche Nuss ist das? - Statistiken

Allgemein
  • Dieses Quiz wurde 241 mal gespielt
  • Das Durchschnittsergebnis liegt bei 10 aus 13
Antwortstatistiken
Bildquiz Antwort % Korrekt
Walnüsse
99%
Haselnüsse
98%
Erdnuss
94%
Kokosnüsse
94%
Kastanien
92%
Pistazien
91%
Mandeln
83%
Cashewkerne
78%
Sonnenblumenkerne
75%
Kürbiskerne
63%
Macadamianüsse
51%
Pekannuss
38%
Kichererbsen
25%
Keine übereinstimmenden Quizze gefunden
Verteilung der Resultate
Anzahl Personen mit jedem Resultat
Perzentil nach korrekt beantworteten Fragen
Ihre Resultats-Entwicklung
Sie haben dieses Quiz noch nicht gespielt